Meždunarodnyj investicionnyj bank 1988 Godovoj otčet
Salvato in:
| Natura: | Libro |
|---|---|
| Lingua: | russo |
| Pubblicazione: |
Moskva
Meždunarodnyj investicionnyj bank
1988
|
| Edizione: | 1. izd. |
| Tags: |
Nessun Tag, puoi essere il primo ad aggiungerne!!
|
MARC
| LEADER | 00000nam a2200000 4500 | ||
|---|---|---|---|
| 001 | c040362 | ||
| 005 | 20221219125203.6 | ||
| 041 | 0 | |a rus | |
| 044 | |a RU | ||
| 245 | 1 | 0 | |a Meždunarodnyj investicionnyj bank 1988 |b Godovoj otčet |
| 250 | |a 1. izd. | ||
| 264 | 1 | |a Moskva |b Meždunarodnyj investicionnyj bank |c 1988 | |
| 300 | |a 19 s. | ||